तलाश (Record no. 45434)

MARC details
000 -LEADER
fixed length control field 00510nam a2200181Ia 4500
008 - FIXED-LENGTH DATA ELEMENTS--GENERAL INFORMATION
fixed length control field 090123s9999 xx 000 0 und d
082 ## - DEWEY DECIMAL CLASSIFICATION NUMBER
Item number 7368
Classification number 891.463/शिरव
100 ## - MAIN ENTRY--PERSONAL NAME
Personal name शिरवळकर सुहास
245 ## - TITLE STATEMENT
Title तलाश
250 ## - EDITION STATEMENT
Edition statement 1
260 ## - PUBLICATION, DISTRIBUTION, ETC. (IMPRINT)
Name of publisher, distributor, etc आरती प्रकाशन
300 ## - PHYSICAL DESCRIPTION
Extent 195
600 ## - SUBJECT ADDED ENTRY--PERSONAL NAME
Personal name शिरवळकर सुहास
630 ## - SUBJECT ADDED ENTRY--UNIFORM TITLE
Uniform title तलाश
700 ## - ADDED ENTRY--PERSONAL NAME
Personal name शिरवळकर सुहास
730 ## - ADDED ENTRY--UNIFORM TITLE
Uniform title तलाश
942 ## - ADDED ENTRY ELEMENTS (KOHA)
Koha item type Book
Holdings
Withdrawn status Lost status Damaged status Not for loan Home library Current library Date acquired Cost, normal purchase price Total Checkouts Full call number Barcode Date last seen Cost, replacement price Price effective from Koha item type
        Jawahar Wachalanalaya, Kalwa Jawahar Wachalanalaya, Kalwa 03/31/2002 26.00   7368 KLW-7368 01/23/2009 26.00 01/23/2009 Book